This beautiful India Uttar Pradesh / (Record no. 130192)

MARC details
000 -LEADER
fixed length control field 00741nam a22002417a 4500
005 - DATE AND TIME OF LATEST TRANSACTION
control field 20170124110108.0
010 ## - LIBRARY OF CONGRESS CONTROL NUMBER
LC control number 903244
020 ## - INTERNATIONAL STANDARD BOOK NUMBER
Terms of availability 00.00
035 ## - SYSTEM CONTROL NUMBER
System control number 903244
037 ## - SOURCE OF ACQUISITION
Source of stock number/acquisition Cen Lib/Ret
040 ## - CATALOGING SOURCE
Original cataloging agency DPL
Language of cataloging EN
082 ## - DEWEY DECIMAL CLASSIFICATION NUMBER
Classification number 954.13
Item number CHI
100 ## - MAIN ENTRY--PERSONAL NAME
Personal name Chib, Sukhdev Singh
9 (RLIN) 28554
245 ## - TITLE STATEMENT
Title This beautiful India Uttar Pradesh /
Statement of responsibility, etc by Sukhdev Singh Chib
260 ## - PUBLICATION, DISTRIBUTION, ETC. (IMPRINT)
Place of publication, distribution, etc New Delhi
Name of publisher, distributor, etc Light & Life Publishers
Date of publication, distribution, etc 1978
270 ## - ADDRESS
Address 2428,Tilak Street Paharganj
City New Delhi
Postal code 110055
300 ## - PHYSICAL DESCRIPTION
Extent viii,199p. :
Dimensions 23cm(Hb)
Other physical details ill.
500 ## - GENERAL NOTE
General note Includes bibliographical reference and index
650 ## - SUBJECT ADDED ENTRY--TOPICAL TERM
Topical term or geographic name as entry element Travel
Geographic subdivision India
9 (RLIN) 28555
650 ## - SUBJECT ADDED ENTRY--TOPICAL TERM
Topical term or geographic name as entry element India--Uttar Pradesh
9 (RLIN) 16100
700 ## - ADDED ENTRY--PERSONAL NAME
9 (RLIN) 28179
942 ## - ADDED ENTRY ELEMENTS (KOHA)
Source of classification or shelving scheme Dewey Decimal Classification
Koha item type English Books
Classification part 954.13
Call number suffix CHI
Holdings
Withdrawn status Lost status Damaged status Not for loan Home library Current library Date acquired Source of acquisition Cost, normal purchase price Total Checkouts Full call number Barcode Date last seen Copy number Cost, replacement price Price effective from Koha item type Public note
Written off       Central Library Central Library 08/07/2015 Cen Lib/Ret 0.00   954.13 CHI 903244 08/07/2015 1 0.00 08/07/2015 English Books W/d List No. 8130/11; dtd 18.2.2017

© Delhi Public Library
Hit Counter
free hit counter